Countries That Start with E (with a map) - Statistics

General Stats
  • This quiz has been taken 3,117 times
    2,845 since last reset
  • The average score is 7 of 9
Answers on the Map
Answers color-coded by a green-red scale on the quiz's map according to % correct below.
 
Answer Stats
Country % Correct
Estonia
87%
Ecuador
86%
Ethiopia
82%
Eritrea
80%
Eswatini
79%
El Salvador
71%
Egypt
66%
East Timor
61%
Equatorial Guinea
61%
No matching quizzes found
Score Distribution
Percent of People with Each Score
Percentile by Number Answered
Your Score History
You have not taken this quiz since the last reset